000 01801nam a2200361 a 4500
001 ebr10389803
003 CaPaEBR
006 m u
007 cr cn|||||||||
008 080605s2009 mdua sb 001 0 eng
010 _z 2008024725
020 _z9780801891397 (hardcover : alk. paper)
020 _z0801891396 (hardcover : alk. paper)
040 _aCaPaEBR
_cCaPaEBR
035 _a(OCoLC)649906434
043 _aff-----
050 1 4 _aHT1345
_b.P47 2009eb
082 0 4 _a306.3/620961
_222
100 1 _aPeskin, Lawrence A.,
_d1966-
245 1 0 _aCaptives and countrymen
_h[electronic resource] :
_bBarbary slavery and the American public, 1785-1816 /
_cLawrence A. Peskin.
260 _aBaltimore :
_bJohns Hopkins University Press,
_c2009.
300 _aix, 256 p. :
_bill.
504 _aIncludes bibliographical references (p. [219]-250) and index.
505 0 _aCaptivity and communications -- The captives write home -- Publicity and secrecy -- Slavery at home and abroad -- Captive nation : Algiers and independence -- The navy and the call to arms -- Masculinity and servility in Tripoli -- Between colony and empire -- Beyond captivity : the wars of 1812 -- Conclusion: Captivity and globalization.
533 _aElectronic reproduction.
_bPalo Alto, Calif. :
_cebrary,
_d2013.
_nAvailable via World Wide Web.
_nAccess may be limited to ebrary affiliated libraries.
650 0 _aSlavery
_zAfrica, North
_xHistory.
650 0 _aSlave trade
_zAfrica, North
_xHistory.
650 0 _aCaptivity narratives
_zAfrica, North.
650 0 _aPublic opinion
_zUnited States.
655 7 _aElectronic books.
_2local
710 2 _aebrary, Inc.
856 4 0 _uhttp://site.ebrary.com/lib/rucke/Doc?id=10389803
_zAn electronic book accessible through the World Wide Web; click to view
999 _c91691
_d91691